000
00485nam a2200181Ia 4500
008
100917s9999 xx 000 0 und d
082
_b
52280
100
_a
देवल गोविंद बल्लाळ
245
_a
संशय कल्लोळ
260
_b
---
_c
---
300
_a
100
365
_b
2
520
_a
नाटक
630
_a
संशय कल्लोळ
650
_a
नाटक
730
_a
संशय कल्लोळ
942
_c
BOOK
999
_c
657674
_d
657671